| 000 | 00657nam a2200229 a 4500 | ||
|---|---|---|---|
| 001 | 7246 | ||
| 003 | BD-RjUL | ||
| 005 | 20211208234402.0 | ||
| 008 | 140113r19681967enka b 00110 eng d | ||
| 035 | _a(BD-RjUL)7288 | ||
| 040 |
_aSCAE _cSCAE _beng _dBD-RjUL |
||
| 041 | _aeng | ||
| 082 | 0 | 0 |
_a646.72 _219 _bKEH 1968 |
| 100 | 1 | 0 |
_aKeyes, Jean. _922642 |
| 245 | 1 | 2 |
_aA history of women's hairstyles, 1500-1965 / _cby Jean Keyes. |
| 260 | 0 |
_aLondon : _bMethuen, _c1967 [ reprinted 1968]. |
|
| 300 |
_ax, 86 p. : _bill. ; _c22 cm. |
||
| 504 | _aIncludes index. | ||
| 504 | _aBibliography: p. 81-2. | ||
| 650 | 0 |
_aHairdressing _xHistory. _922643 |
|
| 942 |
_2ddc _cBK |
||
| 999 |
_c7246 _d7246 |
||